TB. OF PREVENTIVE AND SOCIAL MEDICINE (Record no. 1618)
[ view plain ]
| 000 -LEADER | |
|---|---|
| fixed length control field | 00355nam a2200145Ia 4500 |
| 008 - FIXED-LENGTH DATA ELEMENTS--GENERAL INFORMATION | |
| fixed length control field | 150201s2013 xx 000 0 und d |
| 082 ## - DEWEY DECIMAL CLASSIFICATION NUMBER | |
| Classification number | 614.44 |
| Item number | P13P |
| 100 ## - MAIN ENTRY--PERSONAL NAME | |
| Personal name | PARK ,K. |
| 245 ## - TITLE STATEMENT | |
| Title | TB. OF PREVENTIVE AND SOCIAL MEDICINE |
| 250 ## - EDITION STATEMENT | |
| Edition statement | 22ND |
| 260 ## - PUBLICATION, DISTRIBUTION, ETC. (IMPRINT) | |
| Name of publisher, distributor, etc. | BHANOT |
| Place of publication, distribution, etc. | INDIA |
| Date of publication, distribution, etc. | 2013 |
| 300 ## - PHYSICAL DESCRIPTION | |
| Extent | 1-876 |
| 650 ## - SUBJECT ADDED ENTRY--TOPICAL TERM | |
| Topical term or geographic name as entry element | COMMUNITY MEDICINE |
| 942 ## - ADDED ENTRY ELEMENTS (KOHA) | |
| Source of classification or shelving scheme | Dewey Decimal Classification |
| Koha item type | Books |
| Koha issues (borrowed), all copies | 6 |
| Withdrawn status | Lost status | Source of classification or shelving scheme | Damaged status | Not for loan | Collection code | Home library | Current library | Shelving location | Date acquired | Source of acquisition | Cost, normal purchase price | SGTU | Bill Number | Total Checkouts | Full call number | Barcode | Date last seen | Bill Date | Koha item type | Date last checked out |
|---|---|---|---|---|---|---|---|---|---|---|---|---|---|---|---|---|---|---|---|---|
| Dewey Decimal Classification | MEDICAL | SGT Medical Library | SGT Medical Library | Text Book | 23/01/2014 | ABC DELHI | 950.00 | SGTU | 4209 | 614.44 P13P | FM5671 | 09/02/2015 | 08/02/2014 | Books | ||||||
| Dewey Decimal Classification | MEDICAL | SGT Medical Library | SGT Medical Library | Text Book | 23/01/2014 | ABC DELHI | 950.00 | SGTU | 4209 | 29 | 614.44 P13P | FM5672 | 14/05/2022 | 08/02/2014 | Books | 13/05/2022 | ||||
| Dewey Decimal Classification | MEDICAL | SGT Medical Library | SGT Medical Library | Text Book | 23/01/2014 | ABC DELHI | 950.00 | SGTU | 4209 | 3 | 614.44 P13P | FM5673 | 11/10/2024 | 08/02/2014 | Books | 11/10/2024 | ||||
| Dewey Decimal Classification | MEDICAL | SGT Medical Library | SGT Medical Library | Text Book | 23/01/2014 | ABC DELHI | 950.00 | SGTU | 4209 | 11 | 614.44 P13P | FM5674 | 26/04/2025 | 08/02/2014 | Books | 17/04/2025 | ||||
| Dewey Decimal Classification | MEDICAL | SGT Medical Library | SGT Medical Library | Text Book | 23/01/2014 | ABC DELHI | 950.00 | SGTU | 4209 | 25 | 614.44 P13P | FM5675 | 11/03/2023 | 08/02/2014 | Books | 09/03/2023 | ||||
| Dewey Decimal Classification | MEDICAL | SGT Medical Library | SGT Medical Library | Text Book | 23/01/2014 | ABC DELHI | 950.00 | SGTU | 4209 | 22 | 614.44 P13P | FM5676 | 16/04/2025 | 08/02/2014 | Books | 02/04/2025 |